| 000 | 00680nam a22002057a 4500 | ||
|---|---|---|---|
| 003 | OSt | ||
| 005 | 20251120091314.0 | ||
| 008 | 251120b |||||||| |||| 00| 0 eng d | ||
| 020 | _a 978-971-27-2535-7 | ||
| 040 |
_aDWCL-Admin lib _cOC |
||
| 082 | _aFil. 371.26 R541a 2011 | ||
| 100 | _aRico, Alberto | ||
| 245 |
_aAssesment of student's learning : a practical approach / _cAlberto Rico |
||
| 260 |
_aMandaluyong City : _bAnvil ub. Inc. , _cc2011 |
||
| 300 |
_a ix, 223 p. : ill. ; _c26 cm |
||
| 504 | _aIncludes bibliographical references & index. | ||
| 650 | _a1. Educational evaluation. | ||
| 650 | _a2. Educational tests and measurement. | ||
| 942 |
_2ddc _cBK-FIL _kFil. _n0 |
||
| 999 |
_c5842 _d5842 |
||